[Event "Montcalm 4 2024-25"]
[Site "Quebec CAN"]
[Date "2025.01.09"]
[Round "1"]
[White "Savard, Alexandre"]
[Black "Gagne, Louis"]
[Result "1-0"]
[Annotator "John Upper"]
[WhiteElo "1731"]
[BlackElo "1213"]
[WhiteFideId "-1"]
[BlackFideId "-1"]
[PlyCount "53"]
[Beauty "8247163487777"]
[GameId "2133003093796372"]
[EventDate "2025.01.09"]
[EventType "swiss"]
[EventRounds "5"]
[EventCountry "CAN"]
[SourceTitle "Chess Canada 25"]
[Source "JohnUpper?CFC"]
[SourceDate "2025.06.29"]
[SourceVersion "1"]
[SourceVersionDate "2026.07.01"]
[SourceQuality "1"]

1. d4 e6 2. Nc3 d5 3. Qd3 Nf6 4. Bg5 Be7 {[#] White could have transposed to a French sideline with e2-e4 on any of the previous moves, with an even game. I'm surprised to see that computers already clearly prefer Black: SF18 -.5, and leela -.35.} 5. O-O-O b6 (5... Nbd7 $1 6. Bxf6 Nxf6 7. e4 O-O $1 {Correctly judging the relative safety of the two kings.} 8. e5 Nd7 9. Nce2 c5 10. c3 b5 $1 $19 {Analysis Diagram [#] Black's play here is a model of how to destroy White's vulnerable 000.} 11. Nf3 (11. Qxb5 Rb8 {is even quicker.}) 11... b4 12. Nf4 Qa5 (12... c4 $142) 13. Kb1 Rb8 14. c4 $5 Ba6 15. Qc2 dxc4 16. Bxc4 Bxc4 17. Qxc4 Nb6 18. Qc2 c4 19. Rd2 Rfc8 20. h4 b3 21. axb3 cxb3 22. Qxb3 Nc4 {0-1 Barria Zuniga,D (2341)-Bluebaum,M (2670) Titled Tuesday intern op 02nd Feb Chess.com INT blitz 2021 (3)}) 6. Bxf6 $1 $11 Bxf6 7. e4 Ba6 8. Qf3 Bxf1 9. Rxf1 Bxd4 {[#]  Critical Position What happens if 10.exd5 xc3?} 10. exd5 Bxc3 $1 11. dxe6 $4 {Threatens mate on f7 and hits the a8. It looks winning... but it loses!} (11. Qxc3 $142 Qxd5 12. Qxg7 Rf8 $11 {It's not quite over: White can make threats, but they just burn out to equality:} 13. Rd1 Qxa2 $8 $11 (13... Qc6 $2 {leaves Black too far behind to catch up; e.g.} 14. Nf3 Nd7 15. Rd2 O-O-O 16. Rhd1 $18 {with immediate threats on d7 and h7 and no counterplay for Black.}) 14. Rd8+ Kxd8 15. Qxf8+ Kd7 16. Qxf7+ Kc8 $11) {[#]} 11... Bf6 $2 (11... Qg5+ $8 $19 {Would be a 500+ point upset!} 12. Kb1 Qb5 $19 {threateing mate on b2 and the f1 and freeing d8 for the , so} 13. Qxf7+ {doesn't help} Kd8 14. e7+ Kc8 $8 {Black's  even covers e8.}) 12. Rd1 {[#] White is winning and gave Black no more chances.} (12. Qxa8 {wins too, though I can understand that} Bxb2+ $5 13. Kxb2 Qd4+ {looks like it might be trouble; though White can still choose between} 14. Kb3 $18 ({and} 14. c3 {, both winning.})) 12... Qe7 (12... Bxb2+ $5 13. Kb1 $8 $18 (13. Kxb2 $2 Qf6+ $14 {this check stops the mate and saves the .})) 13. Qxa8 O-O 14. exf7+ $18 Kxf7 15. Qd5+ Kg6 16. Nf3 h6 17. Rhe1 Qb4 18. c3 Rd8 19. cxb4 Rxd5 20. Rxd5 c6 21. Rd6 Na6 22. a3 Nc7 23. Rxc6 Nd5 24. g3 Kh5 25. h3 Ne7 26. Rxf6 gxf6 27. Rxe7 1-0

[Event "RA December op"]
[Site "Ottawa CAN"]
[Date "2024.12.07"]
[Round "2.4"]
[White "Wang, Derek"]
[Black "Jaferian, Koosha"]
[Result "0-1"]
[Annotator "John Upper"]
[WhiteElo "2223"]
[BlackElo "2348"]
[WhiteFideId "-1"]
[BlackFideId "-1"]
[PlyCount "52"]
[Beauty "8251709911606"]
[GameId "2160767905787053"]
[EventDate "2024.12.06"]
[EventType "swiss"]
[EventRounds "5"]
[EventCountry "CAN"]
[SourceTitle "Chess Canada 25"]
[Source "JohnUpper?CFC"]
[SourceDate "2025.06.29"]
[SourceVersion "1"]
[SourceVersionDate "2026.07.01"]
[SourceQuality "1"]

1. d4 Nf6 2. Nf3 d5 3. c3 {[#] This was reccommeneded by the prolific IM Cyrus Lakdawala in his book "Play the London System" (Everyman, 2011), where he said it was "Our refuation of Black's refutation!". The idea is to avoid equalizing lines where Black goes ...c5 and ...b6 and can play ...c4 against b3 (since xb6 axb6 is both strong and easy to play for Black). It looks timid, but even if Black plays the most aggressive line -- as Koosha does here -- it scores no worse than the London.} c5 4. dxc5 e6 5. b4 a5 6. e3 axb4 7. cxb4 b6 $13 {[#] A reversed Noteboom.} 8. Bb5+ {The main move and best-scoring: White prepares to castle and forces off a pair of minors, expecting that Black's center will be less useful.} Bd7 9. Bxd7+ Nbxd7 10. a4 (10. c6 $2 Bxb4+ {this check is why Black must hurry to break White's pawns.}) (10. O-O bxc5 11. b5 {transposes.}) 10... bxc5 11. b5 g5 $1 {[#] A computer-approved move first played by Wesley So in 2021, recently enough that all previous books on the London/Colle systems do not mention it. Obviously, the idea is to dislodge the f3, which might serve as a prelude to a kingside attack, but will definitely reduce White's control over d4 and leave his remaining minor pieces congested and in the path of Black's center pawns.} (11... Bd6 {is natural and has long been the main move (as is d3 in the Noteboom proper): the  points at the opponent's  and can go to c7 to restrict the queenside passers. Typically, Black castles short and tries to push in the center, with either ...c4 or ...e5, while White tries to make it to an endgame and be prepared to counter ...e5 with e3-e4.}) 12. Bb2 (12. Nxg5 $2 Rg8 {gets g2 and leaves the White  with no long-term home.}) 12... Bd6 (12... g4 $6 13. Ne5 Nxe5 14. Bxe5 Bd6 15. Bxd6 $6 (15. Bb2 $142 {White keeps two minors, which may be ideal for restraining Black's center, and since Black can't support the center if he goes ...e5 he is still tied down to the f6.}) 15... Qxd6 16. O-O Ke7 17. Nd2 c4 18. Qc2 Rhc8 19. a5 Qc5 $1 $13 {1/2 Aravindh,C (2711)-Sarana,A (2661) EU-Cup 40th Rhodes 2025 (6.4)}) {[#]} 13. Nfd2 (13. Qe2 g4 14. Nfd2 Qb8 15. e4 Be5 $5 16. Nc3 $2 O-O $1 17. g3 c4 $1 {theatens to roll White with ...d4} 18. exd5 $2 exd5 $19 19. O-O d4 $6 (19... Re8 $142 $19) 20. Nce4 (20. Nd5 $3 {gives a piece for two pawns by creating tactics with e7-c6.}) 20... c3 21. Nxf6+ Nxf6 22. Ba3 Re8 $19 {1-0 Bluebaum,M (2660)-Preotu,R (2483) ChessKid Play In m Chess.com INT blitz 2023 (1.1)}) 13... Ne5 14. Qe2 c4 15. O-O Nd3 16. Bc3 {[#]} Bc7 (16... Bb8 {enables ...c7, which can be tactically useful in some lines, but softens the queeside darksquare blockade.}) 17. Rd1 Rg8 $2 {[#] Critical Position} ({Stockfish hates this move -- rating it -2 worse than its top choice, the hard-to-play} 17... O-O $1 $13 {-- but it's bad only if White plays one move...}) 18. Qf3 $2 {Not this one.} (18. Na3 $8 {doesn't just develop the  and connect the s, it threatens axc4, destroying Black's center and leaving him -- at best -- with badly coordinated pieces and an exposed .  Black has options, none of them good:} Ne4 $5 (18... Rxa4 {grabs a pawn, but now we see White's real threat:} 19. Naxc4 Rxa1 20. Bxa1 $8 {Keeps the  x-ray on the d8.} dxc4 21. Nxc4 $18 {the d3 drops and Black's center is gone.}) (18... Qd6 {is a one move threat.} 19. g3 $18 {with a one move defence: the f6 hangs and the  is still on the d-file.}) (18... Qe7 {gets the  off the line of the  while defending the f6, but weakens the piece blockade of the queenside passers.} 19. Naxc4 $1 dxc4 20. Nxc4 Nc5 21. b6 $18) (18... Nc5 19. Naxc4 $1 (19. Ndxc4 $5) 19... dxc4 20. Nxc4 Nfd7 (20... Qe7 21. b6 {transposes to the previous variation.}) 21. a5 $18) 19. Nxe4 $8 dxe4 20. Nxc4 Bxh2+ {keeps material equality, but with terrible coordination} 21. Kxh2 Qc7+ 22. Kg1 (22. Ne5 $1 Nxe5 23. Bxe5 $18) 22... Qxc4 23. Bd4 Rxa4 $6 (23... e5 24. Qg4 $3) 24. Rxa4 Qxa4 25. Ra1 $18) 18... Rg6 {Defends f6, and... !?} 19. Na3 $2 {One move ago this was winning. Now it loses!  (Hint: it leaves the c3 undefended.) [#] Critical Position} (19. Qe2 $142 $15) 19... g4 $1 $19 (19... Rxa4 $6 20. Naxc4 Rxa1 21. Bxa1 {keeping the d1 for the pin,} dxc4 22. Nxc4 Qd5 $8 $13 {one forcing line goes:} 23. Bxf6 Qxc4 24. Qa8+ Kd7 25. Rxd3+ Qxd3 26. Qc6+ Kc8 27. Qa8+ Kd7 28. Qc6+ $11) (19... Bxh2+ {also wins, but the lines are less direct:} 20. Kxh2 g4 21. Bxf6 (21. Qg3 Nh5 $19 {is a very unusual  trap.}) 21... gxf3 $8 22. Bxd8 Rxg2+ $8 23. Kh3 Nxf2+ $8 $19 {and ...xd1 with a winning endgame.}) 20. Qe2 Bxh2+ $1 21. Kxh2 Ne4 {[#] The undefended c3 and the fork on e2/d1 gives Black a tempo for ...h4+.  It's hopeless, so White lets him play it out to mate:} 22. Nxe4 Qh4+ 23. Kg1 Rh6 24. Ng3 Qh2+ 25. Kf1 Qh1+ 26. Nxh1 Rxh1# 0-1

[Event "Alberta Closed"]
[Site "Calgary"]
[Date "2025.03.29"]
[Round "2.1"]
[White "Keleberda, Tymur"]
[Black "Khodjimatov, Sherzod"]
[Result "1-0"]
[Annotator "John Upper"]
[WhiteElo "2445"]
[BlackElo "2289"]
[WhiteFideId "-1"]
[BlackFideId "-1"]
[PlyCount "60"]
[Beauty "8249021562970"]
[GameId "2259109823855999"]
[EventDate "2025.??.??"]
[EventCountry "CAN"]
[SourceTitle "Chess Canada 25"]
[Source "JohnUpper?CFC"]
[SourceDate "2025.06.29"]
[SourceVersion "1"]
[SourceVersionDate "2026.07.01"]
[SourceQuality "1"]

{Here is another of Tymur Keleberda's games; this one from the 2025 Alberta Closed, a 6-player RR which he won with a perfect 5/5. https://www.chess.ca/en/ratings/t/?id=202505001&p=177565} 1. Nf3 d5 2. c4 e6 3. d4 Nf6 4. Nc3 Nbd7 5. Bg5 h6 6. Bh4 c6 7. cxd5 exd5 8. e3 {[#] This position had been played for almost a century before anyone tried this next idea -- a risky-looking pawn expansion to grab the -pair, similar to a Ragozin without ...b4 -- but it's now Black's most poplular continuation. It leads to non-standard pawn structures with Black having the option to castle either way.} g5 $5 (8... Be7 {is still perfectly playable} 9. Bd3 O-O 10. O-O Re8 11. Rc1 Ne4 $1 12. Bxe7 Qxe7 13. Bxe4 dxe4 14. Nd2 Nf6 $11 {1/2 Tartakower,S-Spielmann,R Baden-Baden International 1925 (5) is a 100 year old QGD tabyia; this one from}) 9. Bg3 Nh5 10. Bd3 Nxg3 11. hxg3 Bg7 {[#]} 12. Qc2 ({Here's a very high-profile game in this line between the two leaders of the 2024 Toronto Candidates:} 12. O-O Nb6 13. Qc2 O-O 14. b4 Qe7 15. Rab1 Be6 16. a4 Nd7 17. a5 a6 18. Na4 Rad8 19. Nc5 Nxc5 20. bxc5 {Analysis Diagram [#] Critical Position} f5 $8 {It is strategically critical to prevent White from playing f5, which would do three things: 1) block and prevent any possible kingside pawn-breaking counterplay by Black with ...f5-f4; 2) guarantee being able to trade Black's best defender of b7, while now any White attack on b7 can be met with ...c8; 3) play the strategically desirable g3-g4, fixing the h6 pawn.} 21. Qc3 Rf7 22. Rb4 Qc7 23. Rb2 Re8 24. Ne5 Bxe5 25. dxe5 h5 $11 {1/2 Gukesh,D (2743)-Caruana,F (2803) Candidates Tournament Toronto 2024 (11) stops g4. Black played a perp after the s and s were traded on f5.}) 12... Nb6 13. Ne5 {[#]} Qe7 (13... Bxe5 14. dxe5 Qe7 15. f4 {Checkers, anyone?} Bg4 16. Ne2 O-O-O 17. O-O-O Kb8 18. Kb1 f6 $5 19. exf6 Qxf6 $15 {1/2 Drygalov,S (2473)-Sjugirov,S (2665) Wch Blitz Moscow 2019 (1)}) 14. f4 Be6 15. O-O {[#]} O-O {SF18 rates this as a big mistake, preferring both} (15... Bxe5 16. fxe5 h5 $14) ({and} 15... O-O-O $5 {which looks to me like it's almost asking to get mated. For instance, one example of the danger is:} 16. a4 a5 $2 {Analysis Diagram  [#]  SF already sees a winning attack:} 17. f5 $1 $18 {gains a tempo on the  and keeps the g-file closed.} Bd7 18. f6 $1 (18. b4 $5 Bxe5 $1 $16 {is not quite as good for White.}) 18... Bxf6 19. Rxf6 $8 {a pawn and exchange sac to keep the e5 in the attack.} Qxf6 20. b4 $8 (20. Rf1 $2 Qe7 21. Rxf7 Qb4 $15) 20... axb4 21. a5 $8 Nc4 22. a6 $1 {a position it evaluates as +4.5!} bxc3 23. axb7+ {down a  but +5.6.}) ({Instead, after} 15... O-O-O 16. a4 {SF18 finds enough counterplay along the g-file with} gxf4 $1 17. gxf4 (17. a5 Nc4 $15) 17... a5 {Analysis Diagram [#] White has options, but the sac with f5-f6 that worked above, does not work here as Black's counterattack hits first:} {Instead, White might try this:} 18. Nb5 $5 (18. f5 $6 Bd7 19. f6 $2 {illustrates Black's counterplay:} Bxf6 20. Rxf6 Qxf6 21. b4 Rhg8 $8 $19 (21... axb4 22. a5 $13) 22. bxa5 Bh3 $8 23. Bf1 Nc4 $8 $19) 18... Kb8 $4 (18... Bxe5 $8 $13) 19. Qxc6 $8 $18 {e.g.} Nc4 20. Bxc4 $8 Bxe5 21. Qb6 $8 $18) ({If} 15... O-O-O {White can keep the g-file closed with} 16. f5 {but it undermines the e5, a problem SF solves with an exchange sac:} Bd7 17. f6 $1 Bxf6 18. Rxf6 $1 Qxf6 19. Rf1 Qe6 20. Rxf7 $8 {Analysis Diagram [#] White's down an exchange, but leela and SF18 rate it as around equal: the better player will win. Black has three moves to deal with the immediate threat of f5:} (20. Nxf7 $2 {will get the exchange back, but leave White with terrible pawns and an exposed .}) 20... Kb8 (20... Rhf8 21. Bf5 $13) (20... Rdf8 21. Bf5 Qxf7 $13) 21. Na4 $8 $13) 16. Rf3 Rad8 17. Raf1 {[#]} Bc8 (17... g4 18. R3f2 {threat: f5-f6.} Bc8 19. Bh7+ Kh8 20. Bf5 h5 21. Bxc8 Nxc8 22. Qf5 Kg8 $1 23. Qxh5 f5 $8 $13 {White has won a pawn but the  is very awkwardly placed, and extracting it will probably cost the e5 outpost; e.g.} 24. Ng6 $2 Qf7 25. Qg5 Rd6 26. Ne5 Qe8 $17) 18. fxg5 Bxe5 {[#]} 19. gxh6 $2 {Objectively bad, but it gives White very dangerous attacking chances -- even though the computer shows Black has several equally good choices over the next few moves. [paradox of choice]} (19. dxe5 $13 Qxg5 {looks like a ragged mess, but there are squares between those busted pawns; e.g.} 20. Qf2 Be6 21. Bf5 $13) 19... Bc7 $19 20. e4 dxe4 21. Nxe4 f5 ({or} 21... Nd5 $19) 22. Nc3 Qg5 ({or} 22... Rd6 $19) 23. Bxf5 Bxf5 24. Rxf5 {[#] Critical Position Defend with ...xh6? Attack with ...xg3? Something else?} Qxg3 $4 {The most aggressive-looking move loses.  The h6-pawn is a dilemma: leave it on the board and it might win in an attack, take it and White might win down the h-file. Those are general considerations, but the choice between them comes down to calculation.} (24... Qe3+ $142 25. R1f2 Bxg3 $4 (25... Kh8 $19) (25... Qxd4 $19) 26. Rxf8+ Rxf8 27. Qg6+ {#1}) (24... Qxh6 {wins, but Black is still walking through a minefield:} 25. Qe4 {threat g4+ and h5,} Kh8 $8 (25... Nc4 $2 {is the only other move that doesn't lose} 26. Qg4+ Kh8 27. Rh5 Rxf1+ 28. Kh2 $8 Rd6 $1 29. Ne4 $8 {with a mess.}) 26. Qg4 {Analysis Diagram [#]} Rg8 $1 $19 {looks like it simply kills White's hopes, but Black is not out of the woods yet...} (26... Nd5 {wins with a different defensive idea: make a small counter-sac which stops the opponent's attack and lets you win with your extra material.} 27. Rh5 $8 Rxf1+ 28. Kh2 Qxh5+ $1 $19 {White gets some checks, but Black's extra material against White's exposed  make this a win too.}) 27. Qd1 $5 {still hoping for h5.} (27. Qe2 Rde8 $1 $19) 27... Qe3+ $1 28. Kh1 Rg6 $8 $19 {Would you find this, the only winning move?} (28... Rg5 $2 29. R1f3 $8 $13) 29. Rh5+ Kg7 $2 (29... Kg8 $8 $19) 30. Re1 $8 $11 Qxg3 31. Re7+ Kf8 (31... Kg8 $4 32. Rh8+ $18) 32. Qe2 $8 $11) (24... Rxf5 {trades one defender for one attacker, and leaves White in control of the f-file, but Black wins if he finds...} 25. Rxf5 (25. Qxf5 Qxf5 $8 $19 {White has three pawns for the piece, but the only place they're going is back into the box.}) {Analysis Diagram [#]} 25... Qe3+ $8 $19 {other tries allow White to attack on the g- and h-files:} (25... Qxh6 $2 26. Qe4 $8 Rd7 (26... Rf8 $2 27. Qg4+ Kh7 28. Rh5 $18) (26... Kh8 $2 {is too slow} 27. Qf3 $1 $18 {and h5.}) 27. Qe8+ Kg7 28. Rh5 $1 $18) 26. Kf1 (26. Kh1 Qxg3 $19 {or ...xh6 first.}) 26... Re8 $19 (26... Nc4 27. Rf2 Qxh6 $19) (26... Rf8 $4 27. h7+ $18)) 25. Rxf8+ $8 $18 Rxf8 26. h7+ $8 {[#] The "steeplechase" motif.} Kg7 27. Rxf8 $8 Qh2+ (27... Qe1+ 28. Rf1 Qe3+ 29. Qf2 {is a hopeless ending.}) 28. Kf1 Kxf8 (28... Qh1+ 29. Ke2 Qxg2+ 30. Rf2 $18) 29. Qg6 $8 Nc4 30. Qf6+ $1 Ke8 {https://www.chess.ca/en/ratings/t/?id=202505001&p=177565} 1-0